000
00238nam a22001097a 4500
003
OSt
005
20250901165809.0
008
250320b |||||||| |||| 00| 0 eng d
040
_c
Q
245
_a
THE CARJACKERS
_c
ARENSEN SHEL
942
_2
lcc
_c
BK
999
_c
9364
_d
9364